| 000 | 00684nam a2200241Ia 4500 | ||
|---|---|---|---|
| 003 | OSt | ||
| 005 | 20221002054622.0 | ||
| 006 | a|||||r|||| 00| 0 | ||
| 007 | ta | ||
| 008 | 220930b |||||||| |||| 00| 0 eng d | ||
| 024 | _a65718 | ||
| 037 | _cReference Collections | ||
| 040 |
_aCRL _cCRL _beng |
||
| 041 |
_2eng _aeng |
||
| 082 | _aV5:1:M9, L0(RR) | ||
| 100 |
_aBriggs A S A Ed. _9576013 |
||
| 245 | 0 |
_aNineteenth century _b Yhe contradictions of progress |
|
| 260 |
_aLondon _bThames and Hudson _c1970 |
||
| 300 |
_a359p. _ccm. |
||
| 650 | _aHISTORY | ||
| 942 |
_hV5:1:M9, L0(RR) _cref _2CC |
||
| 999 |
_c925285 _d925285 |
||